| 000 | 00396nam a2200157 a 4500 | ||
|---|---|---|---|
| 001 | 12596 | ||
| 003 | CO-ViMGA | ||
| 008 | 141112s2004 ck r 000 u spa d | ||
| 040 |
_aCO-ViMGA _bspa _cCO-ViMGA |
||
| 082 | 0 | 4 | _a920.02 V199v |
| 245 | 1 | 0 | _aValores Humanos pintuco |
| 260 |
_aMedellĂn : _bSevigrafias, _c1983 |
||
| 300 | _a90p. | ||
| 650 | 1 | 4 |
_aCOLOMBIA - BIOGRAFIAS _915494 |
| 942 |
_2ddc _cBK |
||
| 999 |
_c23590 _d23590 |
||